<?xml version="1.0" encoding="UTF-8"?>
<record
    xmlns:xsi="http://www.w3.org/2001/XMLSchema-instance"
    xsi:schemaLocation="http://www.loc.gov/MARC21/slim http://www.loc.gov/standards/marcxml/schema/MARC21slim.xsd"
    xmlns="http://www.loc.gov/MARC21/slim">

  <leader>00703nam a2200169Ia 4500</leader>
  <controlfield tag="008">090711s9999    xx            000 0 und d</controlfield>
  <datafield tag="082" ind1=" " ind2=" ">
    <subfield code="b">1259</subfield>
  </datafield>
  <datafield tag="100" ind1=" " ind2=" ">
    <subfield code="a">&#x926;&#x947;&#x90A;&#x933;&#x917;&#x93E;&#x935;&#x915;&#x930; &#x905;&#x924;&#x941;&#x932;</subfield>
  </datafield>
  <datafield tag="245" ind1=" " ind2=" ">
    <subfield code="a">&#x938;&#x94D;&#x935;&#x93E;&#x92E;&#x93F;&#x928;&#x93E;&#x925;&#x928; : &#x92D;&#x942;&#x915;&#x92E;&#x941;&#x915;&#x94D;&#x924;&#x940;S&#x93E;&#x93E; &#x927;&#x94D;&#x92F;&#x93E;&#x938;</subfield>
  </datafield>
  <datafield tag="260" ind1=" " ind2=" ">
    <subfield code="b">&#x905;&#x915;&#x94D;&#x937;&#x930; &#x92A;&#x94D;&#x930;&#x915;&#x93E;&#x936;&#x928;</subfield>
    <subfield code="c">2000</subfield>
  </datafield>
  <datafield tag="300" ind1=" " ind2=" ">
    <subfield code="a">172</subfield>
  </datafield>
  <datafield tag="600" ind1=" " ind2=" ">
    <subfield code="a">&#x926;&#x947;&#x90A;&#x933;&#x917;&#x93E;&#x935;&#x915;&#x930; &#x905;&#x924;&#x941;&#x932;</subfield>
  </datafield>
  <datafield tag="630" ind1=" " ind2=" ">
    <subfield code="a">&#x938;&#x94D;&#x935;&#x93E;&#x92E;&#x93F;&#x928;&#x93E;&#x925;&#x928; : &#x92D;&#x942;&#x915;&#x92E;&#x941;&#x915;&#x94D;&#x924;&#x940;S&#x93E;&#x93E; &#x927;&#x94D;&#x92F;&#x93E;&#x938;</subfield>
  </datafield>
  <datafield tag="700" ind1=" " ind2=" ">
    <subfield code="a">&#x926;&#x947;&#x90A;&#x933;&#x917;&#x93E;&#x935;&#x915;&#x930; &#x905;&#x924;&#x941;&#x932;</subfield>
  </datafield>
  <datafield tag="730" ind1=" " ind2=" ">
    <subfield code="a">&#x938;&#x94D;&#x935;&#x93E;&#x92E;&#x93F;&#x928;&#x93E;&#x925;&#x928; : &#x92D;&#x942;&#x915;&#x92E;&#x941;&#x915;&#x94D;&#x924;&#x940;S&#x93E;&#x93E; &#x927;&#x94D;&#x92F;&#x93E;&#x938;</subfield>
  </datafield>
  <datafield tag="942" ind1=" " ind2=" ">
    <subfield code="c">BOOK</subfield>
  </datafield>
  <datafield tag="999" ind1=" " ind2=" ">
    <subfield code="c">338264</subfield>
    <subfield code="d">338264</subfield>
  </datafield>
</record>
